[Event "SC Rochade Emsdetten 3 - Südlohner SV 2"]
[Site "Verbandsklasse 2017/2018"]
[Date "2018.02.17"]
[Round "6.1"]
[White "Sparwel, Oliver"]
[Black "Lehmann, Mona"]
[Result "1/2-1/2"]
[WhiteElo "1882"]
[BlackElo "1909"]
[PlyCount "51"]
[EventDate "2018.??.??"]
[SourceTitle "Verband Muensterland"]
[SourceDate "2017.09.30"]
[SourceVersion "1"]
[SourceVersionDate "2017.09.30"]
[SourceQuality "1"]

1. d4 Nf6 2. Nf3 g6 3. g3 Bg7 4. Bg2 O-O 5. O-O d5 6. c4 c6 7. cxd5 Nxd5 8. e4
Nb6 9. Nc3 Bg4 10. Be3 Qc8 11. Qb3 N8d7 12. a4 Nf6 13. a5 Nbd7 14. h3 Be6 15.
d5 cxd5 16. exd5 Bf5 17. Rfd1 Nc5 18. Qb5 Nce4 19. Nxe4 Nxe4 20. Rac1 Qd8 21.
Bd4 Nd6 22. Qe2 Bh6 23. Be3 Bg7 24. Bd4 Bh6 25. Be3 Bg7 26. Bd4 1/2-1/2

[Event "SC Rochade Emsdetten 3 - Südlohner SV 2"]
[Site "Verbandsklasse 2017/2018"]
[Date "2018.02.17"]
[Round "6.2"]
[White "Lücke, Thomas"]
[Black "Emming, Benedikt"]
[Result "0-1"]
[WhiteElo "1828"]
[BlackElo "1799"]
[PlyCount "86"]
[EventDate "2018.??.??"]
[SourceTitle "Verband Muensterland"]
[SourceDate "2017.09.30"]
[SourceVersion "1"]
[SourceVersionDate "2017.09.30"]
[SourceQuality "1"]

1. d4 Nf6 2. Bf4 e6 3. e3 d5 4. Nf3 c5 5. c3 Nc6 6. Bd3 Bd6 7. Bg3 O-O 8. Ne5
Ne8 9. Nd2 f5 10. f4 Nf6 11. Ndf3 Bd7 12. Nxd7 Qxd7 13. Ne5 Qc7 14. Bh4 Ne4 15.
g4 Be7 16. Bxe7 Qxe7 17. h4 cxd4 18. Nxc6 bxc6 19. Bxe4 fxe4 20. Qxd4 Rab8 21.
Rh2 Rb5 22. g5 Rfb8 23. O-O-O Qb7 24. Rdd2 Qa6 25. b3 Rxb3 26. axb3 Rxb3 27.
Ra2 Qf1+ 28. Qd1 Rb1+ 29. Kxb1 Qxd1+ 30. Kb2 Qf3 31. Rxa7 Qxe3 32. Ra8+ Kf7 33.
h5 Qxf4 34. Rg2 e3 35. Ra7+ Kf8 36. Ra8+ Ke7 37. Ra7+ Kd6 38. Rxg7 d4 39. g6
dxc3+ 40. Kb3 hxg6 41. R7xg6 Qf1 42. h6 e2 43. h7 Qb1+ 0-1

[Event "SC Rochade Emsdetten 3 - Südlohner SV 2"]
[Site "Verbandsklasse 2017/2018"]
[Date "2018.02.17"]
[Round "6.3"]
[White "Harbers, Gerard"]
[Black "Gerighausen, Karl-Heinz"]
[Result "1/2-1/2"]
[WhiteElo "1861"]
[BlackElo "1659"]
[PlyCount "94"]
[EventDate "2018.??.??"]
[SourceTitle "Verband Muensterland"]
[SourceDate "2017.09.30"]
[SourceVersion "1"]
[SourceVersionDate "2017.09.30"]
[SourceQuality "1"]

1. e4 c5 2. Nf3 g6 3. d4 cxd4 4. Nxd4 Nc6 5. Nc3 Nf6 6. Nxc6 bxc6 7. e5 Nh5 8.
Be3 d5 9. exd6 exd6 10. Qf3 d5 11. Bd4 Bg7 12. Qe3+ Qe7 13. Qxe7+ Kxe7 14. Bxg7
Nxg7 15. Kd2 Kd6 16. g3 Re8 17. Bg2 Ba6 18. Rhe1 Rxe1 19. Rxe1 Re8 20. Rxe8
Nxe8 21. Nd1 h5 22. h4 Nc7 23. c3 Ne6 24. Ne3 Ng7 25. Bf3 Ne6 26. Nc2 Nd8 27.
Nb4 Bc8 28. Nd3 Ba6 29. Nf4 Ne6 30. Nxe6 Kxe6 31. Ke3 Ke5 32. b4 Bc4 33. a3 Bb5
34. Bd1 Bc4 35. g4 hxg4 36. Bxg4 f5 37. f4+ Kd6 38. Bd1 Ba6 39. Kd4 Bc8 40. h5
gxh5 41. Bxh5 Bd7 42. Bg6 Bc8 43. Bf7 Bd7 44. c4 dxc4 45. Bxc4 Bc8 46. Bg8 Bd7
47. Kc4 Be8 1/2-1/2

[Event "SC Rochade Emsdetten 3 - Südlohner SV 2"]
[Site "Verbandsklasse 2017/2018"]
[Date "2018.02.17"]
[Round "6.4"]
[White "Fehlings, Gerd"]
[Black "Richters, Alfred"]
[Result "1-0"]
[WhiteElo "1754"]
[BlackElo "1873"]
[PlyCount "97"]
[EventDate "2018.??.??"]
[SourceTitle "Verband Muensterland"]
[SourceDate "2017.09.30"]
[SourceVersion "1"]
[SourceVersionDate "2017.09.30"]
[SourceQuality "1"]

1. d4 e6 2. Nf3 f5 3. c4 Nf6 4. g3 Be7 5. Bg2 O-O 6. O-O d6 7. b3 Qe8 8. Nc3
Nbd7 9. Bb2 Qh5 10. Qc2 Ng4 11. h3 Nh6 12. e4 f4 13. e5 fxg3 14. fxg3 dxe5 15.
Nb5 Bd8 16. Nxe5 Rxf1+ 17. Rxf1 Nxe5 18. dxe5 Qe8 19. Ba3 Nf5 20. g4 a6 21.
Nxc7 Bxc7 22. gxf5 exf5 23. Bd5+ Be6 24. Bxe6+ Qxe6 25. Qxf5 Qxf5 26. Rxf5 g6
27. Rg5 Re8 28. Bd6 Bd8 29. Rg4 Kf7 30. c5 Ke6 31. Rb4 Bg5 32. Rxb7 Be3+ 33.
Kg2 Kd5 34. Rxh7 Bxc5 35. Rg7 Bxd6 36. exd6 Re6 37. d7 Rd6 38. Kf3 Ke5 39. Rxg6
Rxd7 40. Rxa6 Rh7 41. Kg3 Rg7+ 42. Kf2 Rh7 43. Kg2 Rg7+ 44. Kh2 Kf4 45. Ra4+
Kf3 46. Rg4 Rc7 47. Rg3+ Kf4 48. Rg2 Kf3 49. Rb2 1-0

[Event "SC Rochade Emsdetten 3 - Südlohner SV 2"]
[Site "Verbandsklasse 2017/2018"]
[Date "2018.02.17"]
[Round "6.5"]
[White "Telöken, Stefan"]
[Black "Colmer, Willi"]
[Result "1-0"]
[WhiteElo "1740"]
[BlackElo "1773"]
[PlyCount "41"]
[EventDate "2018.??.??"]
[SourceTitle "Verband Muensterland"]
[SourceDate "2017.09.30"]
[SourceVersion "1"]
[SourceVersionDate "2017.09.30"]
[SourceQuality "1"]

1. c4 Nf6 2. g3 g6 3. Bg2 Bg7 4. Nf3 O-O 5. O-O d6 6. Nc3 c5 7. d3 Nc6 8. Bd2
Ne5 9. Nxe5 dxe5 10. Qa4 Qb6 11. Rab1 Bd7 12. Qc2 Rac8 13. a3 Qa6 14. b4 e4 15.
Nxe4 Nxe4 16. Bxe4 Qxa3 17. b5 Rc7 18. Rb3 Qa4 19. Bc3 Bxc3 20. Qxc3 Qa2 21.
Bf3 1-0

[Event "SC Rochade Emsdetten 3 - Südlohner SV 2"]
[Site "Verbandsklasse 2017/2018"]
[Date "2018.02.17"]
[Round "6.6"]
[White "Schulte, Ralf"]
[Black "Schmeing, Manfred"]
[Result "1-0"]
[WhiteElo "1730"]
[BlackElo "1713"]
[PlyCount "77"]
[EventDate "2018.??.??"]
[SourceTitle "Verband Muensterland"]
[SourceDate "2017.09.30"]
[SourceVersion "1"]
[SourceVersionDate "2017.09.30"]
[SourceQuality "1"]

1. d4 Nf6 2. Nf3 g6 3. Bf4 Bg7 4. h3 d6 5. e3 c5 6. c3 cxd4 7. exd4 O-O 8. Be2
h6 9. O-O Kh7 10. c4 Nbd7 11. Nc3 Nh5 12. Be3 e5 13. Nd5 e4 14. Nd2 Nhf6 15.
Nc3 Re8 16. Qc2 Qe7 17. Nb5 Nb6 18. Qb3 a6 19. Nc3 Nbd7 20. Qa3 b6 21. Nb5 axb5
22. Qxa8 bxc4 23. Nxc4 b5 24. Nd2 Nb6 25. Qa5 Nbd5 26. Bxb5 Nxe3 27. fxe3 Bxh3
28. Bxe8 Bxg2 29. Kxg2 Ng4 30. Rxf7 Qh4 31. Nxe4 d5 32. Qc7 Nxe3+ 33. Kg1 Qg4+
34. Ng3 Nf5 35. Rf1 Qxd4+ 36. Rf2 Qd1+ 37. Kg2 Qg4 38. R2xf5 gxf5 39. Rxg7+ 1-0

[Event "SC Rochade Emsdetten 3 - Südlohner SV 2"]
[Site "Verbandsklasse 2017/2018"]
[Date "2018.02.17"]
[Round "6.7"]
[White "Musholt, Joachim"]
[Black "Bahr, Maximilian"]
[Result "0-1"]
[WhiteElo "1767"]
[BlackElo "1676"]
[PlyCount "34"]
[EventDate "2018.??.??"]
[SourceTitle "Verband Muensterland"]
[SourceDate "2017.09.30"]
[SourceVersion "1"]
[SourceVersionDate "2017.09.30"]
[SourceQuality "1"]

1. e4 c5 2. Nf3 Nc6 3. d4 cxd4 4. Nxd4 g6 5. Nc3 Bg7 6. Be3 d6 7. Be2 Nf6 8.
O-O O-O 9. Kh1 Ne5 10. h3 b6 11. f4 Ned7 12. Nc6 Qe8 13. Nb5 Nc5 14. e5 Nfe4
15. Bf3 Qxc6 16. Nc3 Rb8 17. Bxc5 Ng3+ 0-1

[Event "SC Rochade Emsdetten 3 - Südlohner SV 2"]
[Site "Verbandsklasse 2017/2018"]
[Date "2018.02.17"]
[Round "6.8"]
[White "Willermann, Norbert"]
[Black "Boogaard, Dick"]
[Result "1-0"]
[WhiteElo "1621"]
[BlackElo "1829"]
[PlyCount "59"]
[EventDate "2018.??.??"]
[SourceTitle "Verband Muensterland"]
[SourceDate "2017.09.30"]
[SourceVersion "1"]
[SourceVersionDate "2017.09.30"]
[SourceQuality "1"]

1. e4 c5 2. Nf3 d6 3. d4 cxd4 4. Nxd4 Nf6 5. Nc3 a6 6. Be2 e6 7. Be3 Be7 8. Qd2
Bd7 9. f3 Nc6 10. O-O-O b5 11. g4 b4 12. Nb1 Qa5 13. a3 bxa3 14. Nxa3 Qxd2+ 15.
Rxd2 d5 16. g5 Nxd4 17. Rxd4 e5 18. Rdd1 Nh5 19. Rxd5 Nf4 20. Bxf4 exf4 21. h4
Be6 22. Ra5 O-O 23. Rd1 Rfc8 24. Rxa6 Rab8 25. Nb5 Rc5 26. Nc3 Rbc8 27. Kb1 Kf8
28. Rd2 Rb8 29. Nd5 Bd8 30. Nxf4 1-0

[Event "SC Klein-Berlin Rheine 2 - SG Turm Raes"]
[Site "Verbandsklasse 2017/2018"]
[Date "2018.02.17"]
[Round "6.1"]
[White "Pliete, Christian"]
[Black "Ratert, Matthias"]
[Result "0-1"]
[WhiteElo "1839"]
[BlackElo "1868"]
[PlyCount "66"]
[EventDate "2018.??.??"]
[SourceTitle "Verband Muensterland"]
[SourceDate "2017.09.30"]
[SourceVersion "1"]
[SourceVersionDate "2017.09.30"]
[SourceQuality "1"]

1. e4 e5 2. Nf3 Nf6 3. Nc3 Bb4 4. Bc4 O-O 5. d3 d5 6. exd5 Nxd5 7. Bd2 Nxc3 8.
bxc3 Bd6 9. Bg5 Qe8 10. Nd2 Be6 11. O-O Nd7 12. Re1 Nb6 13. Bb3 h6 14. Bh4 Bxb3
15. cxb3 Qc6 16. c4 Rae8 17. Qf3 Qxf3 18. Nxf3 f5 19. d4 e4 20. c5 exf3 21.
cxd6 g5 22. dxc7 Nd5 23. c8=Q Rxe1+ 24. Rxe1 Rxc8 25. gxf3 gxh4 26. h3 Kf7 27.
Re5 Rc1+ 28. Kh2 Ne7 29. Kg2 Rd1 30. Rc5 Rxd4 31. Rc7 Rb4 32. Kf1 Kf6 33. Ke2
Nd5 0-1

[Event "SC Klein-Berlin Rheine 2 - SG Turm Raes"]
[Site "Verbandsklasse 2017/2018"]
[Date "2018.02.17"]
[Round "6.2"]
[White "Hauk, Viktor"]
[Black "Brömmel, Chris"]
[Result "1-0"]
[WhiteElo "1807"]
[BlackElo "1775"]
[PlyCount "79"]
[EventDate "2018.??.??"]
[SourceTitle "Verband Muensterland"]
[SourceDate "2017.09.30"]
[SourceVersion "1"]
[SourceVersionDate "2017.09.30"]
[SourceQuality "1"]

1. d4 Nf6 2. c4 d5 3. Nf3 Bf5 4. Nc3 c6 5. cxd5 cxd5 6. Qb3 b6 7. Bg5 e6 8. e3
Bd6 9. Nb5 O-O 10. Nxd6 Qxd6 11. Bf4 Qe7 12. Rc1 Nbd7 13. Ba6 Nh5 14. Bg5 f6
15. Bh4 Be4 16. O-O Bxf3 17. gxf3 g5 18. Bg3 f5 19. Qa3 Qg7 20. Bd6 Rf7 21. Kh1
Qf6 22. Rc7 g4 23. Rg1 Qh4 24. e4 dxe4 25. fxg4 fxg4 26. Bc4 Ng7 27. Bg3 Qf6
28. d5 Ne5 29. Rxf7 Kxf7 30. Bxe5 Qxe5 31. dxe6+ Nxe6 32. Rxg4 Qf5 33. Bxe6+
Qxe6 34. Rf4+ Kg7 35. Qc3+ Kg8 36. h3 Rc8 37. Qg3+ Kh8 38. Rg4 Qd5 39. Kh2 Rf8
40. Qc3+ 1-0

[Event "SC Klein-Berlin Rheine 2 - SG Turm Raes"]
[Site "Verbandsklasse 2017/2018"]
[Date "2018.02.17"]
[Round "6.3"]
[White "Fasselt, Hendrik"]
[Black "van Dijk, Guido"]
[Result "1/2-1/2"]
[WhiteElo "1833"]
[BlackElo "1739"]
[PlyCount "60"]
[EventDate "2018.??.??"]
[SourceTitle "Verband Muensterland"]
[SourceDate "2017.09.30"]
[SourceVersion "1"]
[SourceVersionDate "2017.09.30"]
[SourceQuality "1"]

1. b3 e5 2. Bb2 e4 3. d3 Nf6 4. Nd2 exd3 5. exd3 d5 6. Ngf3 Bg4 7. Be2 Be7 8.
O-O O-O 9. h3 Bh5 10. Ne5 Bxe2 11. Qxe2 Nbd7 12. Ndf3 Re8 13. Rfe1 Bd6 14. Qd2
Nxe5 15. Nxe5 Bxe5 16. Bxe5 Nd7 17. Bb2 c6 18. Rxe8+ Qxe8 19. Re1 Qd8 20. Qe3
b6 21. Qg3 Nf6 22. Qf4 c5 23. Bxf6 Qxf6 24. Qxf6 gxf6 25. Kh2 Kf8 26. Kg3 Rd8
27. Kf4 Rd6 28. Kf5 b5 29. c3 Ra6 30. Re2 Kg7 1/2-1/2

[Event "SC Klein-Berlin Rheine 2 - SG Turm Raes"]
[Site "Verbandsklasse 2017/2018"]
[Date "2018.02.17"]
[Round "6.4"]
[White "Brinkmann, Franz-Josef"]
[Black "Kadenbach, Wolfgang"]
[Result "0-1"]
[WhiteElo "1758"]
[BlackElo "1726"]
[PlyCount "78"]
[EventDate "2018.??.??"]
[SourceTitle "Verband Muensterland"]
[SourceDate "2017.09.30"]
[SourceVersion "1"]
[SourceVersionDate "2017.09.30"]
[SourceQuality "1"]

1. e4 e6 2. g3 d5 3. Bg2 Nf6 4. exd5 exd5 5. d3 Bc5 6. Ne2 O-O 7. O-O Nc6 8. d4
Bb6 9. c3 h6 10. Bf4 Bg4 11. f3 Be6 12. Qd3 Qd7 13. Na3 Bh3 14. Rae1 Bxg2 15.
Kxg2 Ne7 16. Nc2 Rae8 17. Be3 Ng6 18. Nf4 Nxf4+ 19. Bxf4 Nh5 20. Bd2 c6 21. Ne3
f5 22. Nxf5 Rxe1 23. Rxe1 Rxf5 24. g4 Nf4+ 25. Bxf4 Rxf4 26. Qg6 Rf7 27. h4 Re7
28. Re5 Bc7 29. Rh5 Qd6 30. Qxd6 Bxd6 31. Kf2 Bf4 32. g5 hxg5 33. hxg5 g6 34.
Rh4 Bxg5 35. Rg4 Be3+ 36. Kg3 Kf7 37. f4 Bc1 38. b3 Re3+ 39. Kh4 Rxc3 0-1

[Event "SC Klein-Berlin Rheine 2 - SG Turm Raes"]
[Site "Verbandsklasse 2017/2018"]
[Date "2018.02.17"]
[Round "6.5"]
[White "Tünte, Marcel"]
[Black "Miethe, Christoph"]
[Result "1-0"]
[WhiteElo "1784"]
[BlackElo "1734"]
[PlyCount "113"]
[EventDate "2018.??.??"]
[SourceTitle "Verband Muensterland"]
[SourceDate "2017.09.30"]
[SourceVersion "1"]
[SourceVersionDate "2017.09.30"]
[SourceQuality "1"]

1. e4 e5 2. Nf3 Nf6 3. Nc3 Nc6 4. Bb5 d6 5. h3 a6 6. Bxc6+ bxc6 7. d4 exd4 8.
Qxd4 Bb7 9. O-O Be7 10. e5 dxe5 11. Qxe5 O-O 12. Rd1 Bd6 13. Qd4 c5 14. Qd3 Re8
15. Bg5 h6 16. Bh4 g5 17. Bg3 Bxg3 18. fxg3 Qxd3 19. Rxd3 Bc6 20. Re1 Rxe1+ 21.
Nxe1 Re8 22. Nf3 Kg7 23. Kf2 Nh5 24. Nd5 Rd8 25. Nxc7 Rxd3 26. cxd3 Bb7 27.
Ne8+ Kf8 28. Nd6 Bd5 29. a3 Be6 30. Ne4 c4 31. dxc4 Bxc4 32. Nfd2 Be6 33. Nc5
Bc8 34. Nc4 Nf6 35. Nb6 Bf5 36. Nxa6 g4 37. hxg4 Bxg4 38. Nc5 Ke7 39. Nc4 Nd5
40. Ne3 Nxe3 41. Kxe3 Kd6 42. Kd4 Kc6 43. Nd3 f6 44. Nb4+ Kd6 45. Nd5 Ke6 46.
b4 Bd1 47. b5 Bb3 48. Nc3 Kd7 49. a4 Kd6 50. a5 f5 51. a6 Kc7 52. Kc5 Bc2 53.
b6+ Kb8 54. Nb5 Be4 55. a7+ Kc8 56. Nd6+ Kd7 57. Nxe4 1-0

[Event "SC Klein-Berlin Rheine 2 - SG Turm Raes"]
[Site "Verbandsklasse 2017/2018"]
[Date "2018.02.17"]
[Round "6.6"]
[White "Huesmann, Stephan"]
[Black "Grömping, Franz-Josef"]
[Result "0-1"]
[WhiteElo "1706"]
[BlackElo "1645"]
[PlyCount "75"]
[EventDate "2018.??.??"]
[SourceTitle "Verband Muensterland"]
[SourceDate "2017.09.30"]
[SourceVersion "1"]
[SourceVersionDate "2017.09.30"]
[SourceQuality "1"]

1. e4 e6 2. d4 d5 3. Nd2 Nf6 4. e5 Nfd7 5. Ndf3 c5 6. c3 Nc6 7. Ne2 Qb6 8. g3
cxd4 9. cxd4 Bb4+ 10. Nc3 O-O 11. Bd3 f6 12. exf6 Nxf6 13. O-O Bd7 14. Re1 Rae8
15. Kg2 Re7 16. Bf4 Ne8 17. Na4 Qd8 18. Qc2 h6 19. Bh7+ Kh8 20. Nh4 Nxd4 21.
Qd3 Nf5 22. Bxf5 Rxf5 23. Ng6+ Kg8 24. Nxe7+ Qxe7 25. Nc3 Qf6 26. Rac1 Bc6 27.
Kg1 g5 28. Be3 Nd6 29. Bxa7 Ne4 30. Re2 Rf3 31. Qd4 Bxc3 32. bxc3 e5 33. Qb6
Nxc3 34. Rec2 d4 35. Rf1 Rd3 36. f3 Rxf3 37. Rcf2 Ne2+ 38. Kh1 0-1

[Event "SC Klein-Berlin Rheine 2 - SG Turm Raes"]
[Site "Verbandsklasse 2017/2018"]
[Date "2018.02.17"]
[Round "6.7"]
[White "Hoffmann, Fabian"]
[Black "Wilde, Jürgen"]
[Result "1-0"]
[WhiteElo "1811"]
[BlackElo "1634"]
[PlyCount "44"]
[EventDate "2018.??.??"]
[SourceTitle "Verband Muensterland"]
[SourceDate "2017.09.30"]
[SourceVersion "1"]
[SourceVersionDate "2017.09.30"]
[SourceQuality "1"]

1. e4 c5 2. Nf3 Nc6 3. Bb5 Qc7 4. Nc3 e6 5. O-O Nge7 6. d4 cxd4 7. Nxd4 a6 8.
Ba4 Nxd4 9. Qxd4 Nc6 10. Bxc6 Qxc6 11. Be3 b5 12. Rfe1 Bb7 13. Nd5 O-O-O 14.
Nb6+ Kc7 15. c4 Qd6 16. Qc3 Qb4 17. Qc2 Bc6 18. c5 Kb7 19. f3 Rc8 20. a3 Bxe4
21. fxe4 Bxc5 22. Kh1 Bxb6 1-0

[Event "SC Klein-Berlin Rheine 2 - SG Turm Raes"]
[Site "Verbandsklasse 2017/2018"]
[Date "2018.02.17"]
[Round "6.8"]
[White "Pohlmeier, Ulrich"]
[Black "Terhart, Jürgen"]
[Result "1-0"]
[WhiteElo "1602"]
[BlackElo "1759"]
[PlyCount "91"]
[EventDate "2018.??.??"]
[SourceTitle "Verband Muensterland"]
[SourceDate "2017.09.30"]
[SourceVersion "1"]
[SourceVersionDate "2017.09.30"]
[SourceQuality "1"]

1. d4 d5 2. c4 e6 3. g3 Nf6 4. Bg2 Be7 5. Nf3 O-O 6. Qc2 Nbd7 7. O-O b6 8. Nbd2
Bb7 9. b3 Rc8 10. Bb2 c5 11. dxc5 Bxc5 12. Rac1 dxc4 13. bxc4 Qe7 14. Qb3 Rfd8
15. e3 Nf8 16. Rfd1 Ng6 17. Nd4 Bxg2 18. Kxg2 Qb7+ 19. Kg1 Rd7 20. Qc2 h5 21.
Nxe6 Be7 22. Qf5 Rc6 23. Nd4 Rc5 24. Qf3 Qxf3 25. N2xf3 Rc8 26. Nf5 Rxd1+ 27.
Rxd1 Rxc4 28. Nxe7+ Nxe7 29. Bxf6 gxf6 30. Rd7 Nc6 31. Rc7 Ne5 32. Rxc4 Nxc4
33. h4 a6 34. Nd4 b5 35. Kg2 Nb6 36. Kf3 Kg7 37. Ke4 Kg6 38. Kd3 f5 39. Nc6 Kf6
40. Nb8 a5 41. Nc6 a4 42. Kd4 Nd7 43. Kc3 Nc5 44. f3 Na6 45. a3 Ke6 46. Nd4+
1-0

[Event "Indische Dame Münster 1 - SC Hiltrup 1"]
[Site "Verbandsklasse 2017/2018"]
[Date "2018.02.17"]
[Round "6.2"]
[White "Tenberge, Norbert"]
[Black "Junk, Phillip"]
[Result "1/2-1/2"]
[WhiteElo "1819"]
[BlackElo "1851"]
[PlyCount "57"]
[EventDate "2018.??.??"]
[SourceTitle "Verband Muensterland"]
[SourceDate "2017.09.30"]
[SourceVersion "1"]
[SourceVersionDate "2017.09.30"]
[SourceQuality "1"]

1. e4 e5 2. Nf3 Nc6 3. Bc4 Bc5 4. c3 Nf6 5. d4 exd4 6. cxd4 Bb4+ 7. Bd2 Bxd2+
8. Nbxd2 d5 9. exd5 Nxd5 10. O-O O-O 11. Qc2 Be6 12. Rad1 Nf4 13. Qe4 Bxc4 14.
Nxc4 Nd5 15. Rfe1 Nf6 16. Qf4 Ne7 17. Ne3 c6 18. a3 Re8 19. Ne5 Ned5 20. Qf3
Qc7 21. Nxd5 Nxd5 22. Re4 f6 23. Nc4 Re7 24. Rde1 Rae8 25. Rxe7 Rxe7 26. Re4
Kf8 27. g3 b6 28. h4 Qd7 29. h5 1/2-1/2

[Event "Indische Dame Münster 1 - SC Hiltrup 1"]
[Site "Verbandsklasse 2017/2018"]
[Date "2018.02.17"]
[Round "6.3"]
[White "Voigt, Stefan"]
[Black "ter Veen, Michael"]
[Result "1/2-1/2"]
[WhiteElo "1801"]
[BlackElo "1668"]
[PlyCount "39"]
[EventDate "2018.??.??"]
[SourceTitle "Verband Muensterland"]
[SourceDate "2017.09.30"]
[SourceVersion "1"]
[SourceVersionDate "2017.09.30"]
[SourceQuality "1"]

1. e4 c5 2. Nc3 g6 3. d3 Bg7 4. g3 d6 5. Bg2 Nc6 6. Be3 e5 7. Nge2 Nge7 8. Qd2
Nd4 9. O-O O-O 10. f4 f5 11. fxe5 dxe5 12. Bg5 Bf6 13. Bxf6 Rxf6 14. Rae1 Be6
15. Nc1 Qd6 16. Rf2 Raf8 17. Ref1 Kg7 18. Nb3 Nec6 19. exf5 gxf5 20. Nc1
1/2-1/2

[Event "Indische Dame Münster 1 - SC Hiltrup 1"]
[Site "Verbandsklasse 2017/2018"]
[Date "2018.02.17"]
[Round "6.4"]
[White "Dittberner, Markus"]
[Black "Junk, Andreas"]
[Result "0-1"]
[WhiteElo "1638"]
[BlackElo "1759"]
[PlyCount "40"]
[EventDate "2018.??.??"]
[SourceTitle "Verband Muensterland"]
[SourceDate "2017.09.30"]
[SourceVersion "1"]
[SourceVersionDate "2017.09.30"]
[SourceQuality "1"]

1. e4 c5 2. Nf3 d6 3. d4 cxd4 4. Nxd4 Nf6 5. Nc3 g6 6. Be3 Bg7 7. f3 a6 8. Bc4
Nbd7 9. Qd2 Qc7 10. Bb3 Ne5 11. O-O-O b5 12. Nd5 Nxd5 13. Bxd5 Bb7 14. Bxb7
Qxb7 15. b3 h5 16. Qa5 O-O 17. h3 Rfc8 18. Rd2 Rab8 19. Rg1 Nc6 20. Kd1 Nxa5
0-1

[Event "Indische Dame Münster 1 - SC Hiltrup 1"]
[Site "Verbandsklasse 2017/2018"]
[Date "2018.02.17"]
[Round "6.5"]
[White "Wiltschut, Arne"]
[Black "Overesch, Dieter"]
[Result "1/2-1/2"]
[WhiteElo "1785"]
[BlackElo "1737"]
[PlyCount "35"]
[EventDate "2018.??.??"]
[SourceTitle "Verband Muensterland"]
[SourceDate "2017.09.30"]
[SourceVersion "1"]
[SourceVersionDate "2017.09.30"]
[SourceQuality "1"]

1. d4 d6 2. e4 Nf6 3. Bd3 e5 4. c3 Be7 5. f4 exd4 6. cxd4 O-O 7. Nf3 Re8 8. O-O
Bf8 9. Nc3 a6 10. Bc2 c5 11. d5 Nbd7 12. Qd3 Qc7 13. b3 b5 14. Bb2 c4 15. bxc4
bxc4 16. Qd4 Rb8 17. Rab1 Qc5 18. Rfe1 1/2-1/2

[Event "Indische Dame Münster 1 - SC Hiltrup 1"]
[Site "Verbandsklasse 2017/2018"]
[Date "2018.02.17"]
[Round "6.6"]
[White "Everke, Enrique"]
[Black "Buchholz, Christian"]
[Result "1/2-1/2"]
[WhiteElo "1641"]
[BlackElo "1606"]
[PlyCount "50"]
[EventDate "2018.??.??"]
[SourceTitle "Verband Muensterland"]
[SourceDate "2017.09.30"]
[SourceVersion "1"]
[SourceVersionDate "2017.09.30"]
[SourceQuality "1"]

1. c4 e5 2. Nc3 Nf6 3. g3 Nc6 4. Bg2 Bc5 5. d3 Ng4 6. e3 d6 7. Nge2 Be6 8. a3
a5 9. Nd5 O-O 10. Nec3 Nf6 11. O-O Rb8 12. Nb5 Bxd5 13. cxd5 Ne7 14. e4 c6 15.
Nc3 cxd5 16. exd5 h6 17. a4 Qb6 18. Qf3 Nh7 19. Rb1 f5 20. Qh5 Nf6 21. Qe2 e4
22. dxe4 fxe4 23. Bh3 Rbe8 24. Be6+ Kh8 25. h4 Nc6 1/2-1/2

[Event "Indische Dame Münster 1 - SC Hiltrup 1"]
[Site "Verbandsklasse 2017/2018"]
[Date "2018.02.17"]
[Round "6.7"]
[White "Haves, Daniel"]
[Black "Scholz, Andreas"]
[Result "0-1"]
[WhiteElo "1580"]
[BlackElo "1687"]
[PlyCount "34"]
[EventDate "2018.??.??"]
[SourceTitle "Verband Muensterland"]
[SourceDate "2017.09.30"]
[SourceVersion "1"]
[SourceVersionDate "2017.09.30"]
[SourceQuality "1"]

1. f4 d5 2. Nf3 Nf6 3. e3 Bg4 4. Be2 Nc6 5. d3 e6 6. O-O Bc5 7. Nc3 a6 8. Kh1
Qe7 9. Na4 Ba7 10. a3 h5 11. Ng5 e5 12. f5 Bxe2 13. Qxe2 Ng4 14. h4 d4 15. exd4
Nxd4 16. Qe4 O-O-O 17. Be3 Nf6 0-1

[Event "Indische Dame Münster 1 - SC Hiltrup 1"]
[Site "Verbandsklasse 2017/2018"]
[Date "2018.02.17"]
[Round "6.8"]
[White "Brakel, Stefan"]
[Black "Jeromin, Rudolf Gustav"]
[Result "0-1"]
[WhiteElo "1617"]
[BlackElo "1668"]
[PlyCount "98"]
[EventDate "2018.??.??"]
[SourceTitle "Verband Muensterland"]
[SourceDate "2017.09.30"]
[SourceVersion "1"]
[SourceVersionDate "2017.09.30"]
[SourceQuality "1"]

1. e4 e5 2. Bc4 Nf6 3. Nc3 Bc5 4. Nf3 Nc6 5. d3 h6 6. O-O d6 7. h3 O-O 8. a3 a6
9. Ne2 Be6 10. Ng3 Qd7 11. Kh2 Bxc4 12. dxc4 Qe6 13. b3 Ne7 14. Nh4 Kh7 15. Qd3
Ng6 16. Nhf5 Nf4 17. Bxf4 exf4 18. Rae1 Qe5 19. Nh1 g5 20. f3 h5 21. Nf2 Rg8
22. Qe2 Bxf2 23. Qxf2 g4 24. hxg4 Rxg4 25. Kh3 Rg5 26. g4 hxg4+ 27. fxg4 Rxg4
28. Rg1 Rag8 29. Rxg4 Rxg4 30. Qf3 Rg5 31. Qf2 Rh5+ 32. Kg2 Nxe4 33. Qf3 Rg5+
34. Kh2 Qxf5 35. Qxe4 Qxe4 36. Rxe4 Re5 37. Rxf4 Kg6 38. Rf2 f5 39. Kg3 Kg5 40.
Kf3 f4 41. Re2 Kf5 42. b4 Rxe2 43. Kxe2 Ke4 44. c3 f3+ 45. Kd2 f2 46. Ke2 f1=Q+
47. Kxf1 Kd3 48. b5 Kxc4 49. bxa6 bxa6 0-1

[Event "SF Stadtlohn 1 - SK Königsspringer Nord"]
[Site "Verbandsklasse 2017/2018"]
[Date "2018.02.17"]
[Round "6.1"]
[White "Lerke, Bernd"]
[Black "Mullink, Jochem"]
[Result "0-1"]
[WhiteElo "1801"]
[BlackElo "2046"]
[PlyCount "32"]
[EventDate "2018.??.??"]
[SourceTitle "Verband Muensterland"]
[SourceDate "2017.09.30"]
[SourceVersion "1"]
[SourceVersionDate "2017.09.30"]
[SourceQuality "1"]

1. Nf3 Nf6 2. d4 g6 3. c4 Bg7 4. Nc3 O-O 5. e4 d6 6. h3 e5 7. d5 a5 8. Bg5 Qe8
9. Bd3 Na6 10. Qe2 Nh5 11. g4 Nf4 12. Qd2 Nxd3+ 13. Qxd3 f5 14. Rg1 fxg4 15.
hxg4 Qf7 16. Ke2 Nb4 0-1

[Event "SF Stadtlohn 1 - SK Königsspringer Nord"]
[Site "Verbandsklasse 2017/2018"]
[Date "2018.02.17"]
[Round "6.2"]
[White "Krosenbrink, Marcel"]
[Black "Sandmann, Matthias"]
[Result "1-0"]
[WhiteElo "1950"]
[BlackElo "1841"]
[PlyCount "59"]
[EventDate "2018.??.??"]
[SourceTitle "Verband Muensterland"]
[SourceDate "2017.09.30"]
[SourceVersion "1"]
[SourceVersionDate "2017.09.30"]
[SourceQuality "1"]

1. e4 e5 2. Nf3 f5 3. Nc3 Nc6 4. d4 fxe4 5. Nxe5 Nf6 6. Bg5 Bb4 7. Ng4 d5 8.
Nxf6+ gxf6 9. Qh5+ Ke7 10. Bd2 Bxc3 11. bxc3 Qg8 12. Be2 Be6 13. g4 Rf8 14.
O-O-O Kd7 15. Bh6 Rf7 16. c4 Re7 17. cxd5 Bxd5 18. Qf5+ Kd8 19. g5 Bxa2 20.
gxf6 Rd7 21. Bg4 Qf7 22. Qxd7+ Qxd7 23. Bxd7 Kxd7 24. Rhg1 Nd8 25. d5 b5 26.
Rg7+ Kc8 27. Bf4 Kb7 28. Rxc7+ Kb6 29. Rc8 Rf8 30. Bc7+ 1-0